Mayores ciudades suburbanas por conurbación española - Estadísticas

Estadísticas generales
  • Esta prueba ha sido intentada 190 veces
  • La puntuación promedio es 6 de 12
Estadísticas de respuestas
Aglomeración Principales ciudades suburbanas % Correcto
Barcelona Hospitalet de Llobregat | Badalona | Santa Coloma de Gramanet
94%
Madrid Getafe | Alcorcón | Leganés
90%
Sevilla Dos Hermanas | Alcalá de Guadaíra | Utrera
79%
Bilbao Baracaldo | Guecho | Portugalete
64%
Alicante Elche | San Vicente del Raspeig | Santa Pola
64%
Málaga Fuengirola | Mijas | Benalmádena
57%
Valencia Torrente | Paterna | Mislata
47%
Murcia Molina de Segura | Alcantarilla | Las Torres de Cotillas
39%
Zaragoza Utebo | Cuarte de Huerva | Alagón
39%
Las Palmas Telde | Arucas | Santa Brigida
35%
Palma de Mallorca Calviá | Lluchmayor | Marrachí
24%
Córdoba La Carlota | Almodóvar del Río | Villafranca
13%
No se encontraron pruebas coincidentes
Distribución de puntuación
Porcentaje de gente con cada puntuación
Porcentaje por número respondido
Historial de tus puntuaciones
No has intentado esta prueba.